[Event "TCh-TUR 2011"]
[Site "Konya TUR"]
[Date "2011.07.02"]
[Round "5"]
[White "Galkin, A."]
[Black "Savchenko, B."]
[Result "0-1"]
[WhiteElo "2598"]
[BlackElo "2630"]
[PlyCount "96"]
[EventDate "2011.06.28"]
[WhiteTeam "Celikkol Turizm Pamukkale Universitesi S.K."]
[BlackTeam "Manisa Doruk Koleji S.K."]

1. Nf3 d5 2. d4 c5 3. dxc5 e6 4. e3 Bxc5 5. c4 Nf6 6. a3 O-O 7. b4 Be7 8. Bb2
a5 9. b5 b6 10. Nbd2 Bb7 11. Be2 Nbd7 12. O-O Rc8 13. Rc1 Nc5 14. Rc2 Nfe4 15.
Nd4 Bf6 16. cxd5 Bxd5 17. Bf3 Bxd4 18. Bxd4 Nxd2 19. Rxd2 Nb3 20. Rb2 Rc1 21.
Qd3 Bxf3 22. Rxb3 Qg5 23. g3 Rxf1+ 24. Qxf1 Rd8 25. Rc3 h5 26. Rc1 Rd6 27. Rc8+
Kh7 28. Qd3+ Qg6 29. Qxg6+ Kxg6 30. Rc1 f6 31. Kf1 e5 32. Bc3 Kf5 33. Ke1 g5
34. Bd2 Kg4 35. h4 gxh4 36. Rc4+ e4 37. gxh4 f5 38. Rc6 Rd3 39. Rxb6 Rxa3 40.
Rc6 Rb3 41. b6 a4 42. Bc3 a3 43. Bd4 a2 44. Rc1 Rb1 45. Kd2 Kxh4 46. Kc2 Be2
47. Kd2 Rxc1 48. Kxc1 Ba6 0-1

[Event "TCh-TUR 2011"]
[Site "Konya TUR"]
[Date "2011.07.02"]
[Round "6"]
[White "Kulaots, K."]
[Black "Savchenko, B."]
[Result "0-1"]
[WhiteElo "2607"]
[BlackElo "2630"]
[PlyCount "80"]
[EventDate "2011.06.28"]

1. e4 e6 2. d4 d5 3. Nc3 Bb4 4. e5 c5 5. a3 Bxc3+ 6. bxc3 Ne7 7. Qg4 O-O 8. Bd3
Nbc6 9. Qh5 Ng6 10. Nf3 Nce7 11. h4 c4 12. Bxg6 fxg6 13. Qg4 Qa5 14. Kd2 Qa4
15. h5 gxh5 16. Qxh5 h6 17. Qg4 Kh7 18. Kd1 Ng8 19. Ng5+ Kh8 20. Nh3 Qe8 21.
Nf4 Kh7 22. Be3 a5 23. Qh3 Bd7 24. g4 g5 25. Nh5 Qg6 26. Kd2 Rf7 27. f4 Raf8
28. Qg3 Ba4 29. Rac1 b5 30. fxg5 Rf3 31. Qe1 Bxc2 32. Rxc2 Rf1 33. Nf6+ R8xf6
34. Qe2 R6f2 35. Bxf2 Rxh1 36. Be3 Ra1 37. gxh6 Rxa3 38. Qf1 b4 39. Rc1 Ra2+
40. Ke1 b3 0-1

[Event "TCh-TUR 2nd League 2011"]
[Site "Konya TUR"]
[Date "2011.07.10"]
[Round "9"]
[White "Safarli, E."]
[Black "Kovchan, A."]
[Result "1-0"]
[WhiteElo "2622"]
[BlackElo "2554"]
[PlyCount "73"]
[EventDate "2011.07.04"]

1. e4 c6 2. d4 d5 3. Nc3 dxe4 4. Nxe4 Bf5 5. Ng3 Bg6 6. h4 h6 7. Nf3 Nd7 8. h5
Bh7 9. Bd3 Bxd3 10. Qxd3 e6 11. Bd2 Ngf6 12. O-O-O Be7 13. Ne4 Nxe4 14. Qxe4
Nf6 15. Qd3 c5 16. Be3 Qa5 17. Kb1 O-O 18. g4 cxd4 19. Bxd4 Nxg4 20. Rhg1 f5
21. Bxg7 Kxg7 22. Rxg4+ fxg4 23. Qg6+ Kh8 24. Qxh6+ Kg8 25. Qxe6+ Rf7 26. Ne5
Raf8 27. h6 Qa6 28. h7+ Kxh7 29. Rh1+ Bh4 30. Rxh4+ Kg7 31. Rxg4+ Kh7 32. Qxa6
bxa6 33. Nxf7 Rxf7 34. f4 Kh6 35. b3 Kh5 36. Rg5+ Kh4 37. Rg6 1-0

[Event "Biel MTO Open"]
[Site "Biel SUI"]
[Date "2011.07.20"]
[Round "3"]
[White "Rodshtein, M."]
[Black "Delorme, Ax"]
[Result "1-0"]
[WhiteElo "2637"]
[BlackElo "2448"]
[PlyCount "69"]
[EventDate "2011.07.18"]

1. d4 d5 2. c4 c6 3. Nf3 Nf6 4. Nc3 a6 5. e3 e6 6. b3 Bb4 7. Bd2 Nbd7 8. Bd3
O-O 9. O-O Bd6 10. Re1 h6 11. e4 dxc4 12. bxc4 e5 13. c5 Bc7 14. Na4 exd4 15.
h3 Re8 16. Rb1 Nf8 17. Rb4 Ne6 18. Rc4 Nd7 19. e5 b5 20. cxb6 Nxb6 21. Nxb6
Bxb6 22. Rxc6 Bb7 23. Rd6 Qc7 24. Nh4 Nc5 25. Nf5 Nxd3 26. Qg4 g6 27. Rxg6+
fxg6 28. Qxg6+ Kh8 29. Qxh6+ Kg8 30. Qg6+ Kh8 31. Bg5 Rf8 32. Ne7 Qxe7 33. Bxe7
Nxe1 34. Bf6+ Rxf6 35. exf6 1-0

[Event "Open ch-SVK A"]
[Site "Banska Stiavnica SVK"]
[Date "2011.07.12"]
[Round "4"]
[White "Petrik, T."]
[Black "Gleizerov, E."]
[Result "0-1"]
[WhiteElo "2505"]
[BlackElo "2590"]
[PlyCount "110"]
[EventDate "2011.07.09"]

1. e4 e6 2. d4 d5 3. Nd2 Nf6 4. e5 Nfd7 5. Bd3 c5 6. c3 Nc6 7. Ne2 cxd4 8. cxd4
f6 9. exf6 Qxf6 10. Nf3 h6 11. O-O Bd6 12. Ng3 O-O 13. Bc2 Rf7 14. Nh5 Qd8 15.
Bg6 Re7 16. Bf4 Nf8 17. Bc2 Rf7 18. Qd2 Bxf4 19. Nxf4 Qd6 20. Ne2 Bd7 21. Qe3
Be8 22. Rac1 Rc7 23. Nf4 Rac8 24. Bb1 g5 25. Nd3 Bg6 26. Nde5 Nxe5 27. dxe5 Qb6
28. Rxc7 Rxc7 29. Qd2 Bh5 30. Nd4 Rc4 31. Nb3 Bg6 32. g3 Kg7 33. Bxg6 Nxg6 34.
Re1 Qb4 35. Qxb4 Rxb4 36. Nc5 Rxb2 37. Nxe6+ Kf7 38. Nd4 Rxa2 39. Nf5 Ke6 40.
Nd4+ Kf7 41. Nf5 Ne7 42. Nd6+ Ke6 43. Nxb7 d4 44. f4 gxf4 45. gxf4 Nf5 46. Nd8+
Kd5 47. e6 d3 48. Rd1 Ke4 49. Nc6 Re2 50. Nxa7 d2 51. Nb5 Kd3 52. e7 Nxe7 53.
Kf1 Nf5 54. Nc3 Ne3+ 55. Kg1 Kxc3 0-1

[Event "COQ Invitational"]
[Site "Montreal CAN"]
[Date "2011.07.24"]
[Round "3"]
[White "Sambuev, B."]
[Black "Le Roux, JP."]
[Result "1-0"]
[WhiteElo "2528"]
[BlackElo "2517"]
[PlyCount "101"]
[EventDate "2011.07.23"]

1. d4 Nf6 2. c4 g6 3. f3 Nc6 4. d5 Ne5 5. e4 d6 6. Bg5 h6 7. Be3 Bg7 8. Qd2 c6
9. Nc3 a6 10. Rc1 e6 11. dxc6 O-O 12. c7 Qxc7 13. Bxh6 Bxh6 14. Qxh6 d5 15.
cxd5 Qb6 16. d6 Rd8 17. Rd1 Qxb2 18. Qd2 Qb4 19. a3 Qxa3 20. f4 Neg4 21. e5 Nd5
22. Nxd5 exd5 23. Bd3 d4 24. Nf3 Ne3 25. Rc1 Nxg2+ 26. Kf2 Nxf4 27. Be4 Nh3+
28. Kg3 Qe3 29. Bd5 Qxd2 30. Nxd2 Ng5 31. h4 Be6 32. Bxb7 Rab8 33. hxg5 Rxb7
34. Ne4 Rb3+ 35. Kf4 Bh3 36. Rh2 Kg7 37. Rch1 Rh8 38. e6 Rh4+ 39. Ke5 Rb5+ 40.
Kxd4 Rb4+ 41. Kc3 Rhxe4 42. Rxh3 Rbc4+ 43. Kb3 Rb4+ 44. Kc2 Rbc4+ 45. Rc3 Rxc3+
46. Kxc3 Rxe6 47. Rd1 Re8 48. Kc4 f6 49. Kd5 fxg5 50. d7 Rf8 51. Ke6 1-0